[Event "Olympiad Women 2024"]
[Site "Budapest HUN"]
[Date "2024.09.16"]
[Round "6.68"]
[Board "2"]
[White "Beukes Jamie-Nicole"]
[Black "Wahid, Chelsea"]
[Result "1/2-1/2"]
[WhiteElo "1735"]
[BlackElo "1482"]
[PlyCount "97"]
[EventDate "2024.09.11"]
[WhiteTeam "Namibia"]
[BlackTeam "Saint Lucia"]
[WhiteTeamCountry "NAM"]

1. e4 c6 2. d4 d5 3. e5 Bf5 4. Bd3 Bxd3 5. Qxd3 e6 6. Nf3 Nd7 7. Nbd2 ({RR} 7. Bg5 Ne7 8. b4 Qb6 9. c3 h6 10. Be3 Ng6 11. Nbd2 Be7 12. O-O O-O 13. Nb3 Qc7 14. Nfd2 b5 15. f4 f5 16. exf6 Rxf6 17. g3 Nb6 18. f5 exf5 19. Rxf5 Raf8 20. Raf1 Rxf5 21. Rxf5 Nc4 {½-½ Schneider,M-Bauer,R (2315) Mittelfranken-ch U17 1997 (5)}) 7... c5 8. c3 ({RR} 8. c4 cxd4 9. cxd5 exd5 10. Qxd4 Nb6 11. O-O Ne7 12. Nb3 Nc6 13. Qf4 Be7 14. Qg4 Qd7 15. Qg5 g6 16. Qxg6 O-O-O 17. Qxf7 Rdf8 18. Qh5 Rf5 19. Qh3 Nxe5 20. Nxe5 Rxe5 21. Qxd7+ Kxd7 22. Be3 Nc4 {1-0 Barreiro Rebolo,L (1516)-Vlaar,S (1883) IV Dama Negra 2023 (6.6)}) 8... Ne7 9. Qe2 $146 ({RR} 9. O-O Ng6 10. Re1 Be7 11. Nf1 Rc8 12. Ng3 cxd4 13. Nxd4 Ngxe5 14. Qd1 O-O 15. Nh5 Ng6 16. Qg4 Nf6 17. Nxf6+ Bxf6 18. Bd2 Qb6 19. Nb3 Ne5 20. Qg3 Nc4 21. Be3 Nxe3 22. Rxe3 Rfd8 23. Rf3 Qd6 {0-1 Charest,J (1355)-Debbagh,I (1501) Montreal op 1988 (1)}) ({RR} 9. Ng5 Ng6 10. Ndf3 Be7 11. h4 h6 12. Nxe6 Qb6 13. Nxg7+ Kd8 14. Nf5 h5 15. Nxe7 Nxe7 16. Ng5 Rf8 17. b3 cxd4 18. cxd4 Nc6 19. Nf3 Nb4 20. Qd2 Rc8 21. O-O Rc2 22. Qg5+ f6 23. exf6 Nxf6 {1-0 Orsucci,M-Safira,A Bratto Martesana op 2006 (2)}) ({RR} 9. b3 Nc6 10. O-O Rc8 11. a3 Be7 12. Re1 O-O 13. Nf1 cxd4 14. cxd4 Na5 15. Bd2 Qb6 16. Bxa5 Qxa5 17. b4 Qa4 18. Ne3 Rc7 19. Rac1 Rfc8 20. Rxc7 Rxc7 21. h4 a5 22. bxa5 Qxa5 23. Ra1 Rc3 {½-½ Johansen,T (1879)-Dulman,E (2114) Oslo op ELO 2011 (6)}) 9... Nf5 10. b3 Be7 11. Bb2 O-O 12. O-O Qb6 13. Rac1 c4 14. Rc2 Qa6 15. bxc4 Nb6 16. Rb1 Nxc4 17. Bc1 Nxd2 18. Qxd2 Rac8 19. Rcb2 Rc7 20. Rb3 Rfc8 21. Qb2 b6 22. Bd2 Rc4 23. Be1 Ra4 24. Ra1 Qd3 25. Qd2 Qxd2 26. Bxd2 Nh4 27. Ne1 f6 28. Nd3 Ng6 29. f4 f5 30. Nb2 Ra3 31. Nd3 Rxb3 32. axb3 a5 33. Ra4 Kf7 34. g3 h5 35. b4 axb4 36. Nxb4 Bxb4 37. Rxb4 Rb8 38. Rb5 Ne7 39. Bc1 Nc8 40. Rb3 Ra8 41. Ra3 Rxa3 42. Bxa3 b5 43. Kf2 Nb6 44. Ke2 Nc4 45. Bc1 Ke7 46. Kd3 Kd7 47. Kc2 Na5 48. Kb2 Kc6 49. Ka3 1/2-1/2

[Event "Olympiad Women 2024"]
[Site "Budapest HUN"]
[Date "2024.09.16"]
[Round "6.70"]
[Board "2"]
[White "Sisior, Angelil"]
[Black "Almusawi, Maram"]
[Result "1/2-1/2"]
[WhiteElo "1691"]
[BlackElo "1510"]
[PlyCount "90"]
[EventDate "2024.09.11"]
[WhiteTeam "Palau"]
[BlackTeam "Bahrain"]
[WhiteTeamCountry "PAL"]
[BlackTeamCountry "BHN"]

1. e4 d5 2. exd5 Qxd5 3. Nc3 Qa5 4. Bc4 Bf5 5. d4 c6 6. Bf4 ({RR} 6. g4 Be4 7. f3 Bd5 8. Bd3 Nd7 9. Qe2 h5 10. g5 Qb4 11. Qf2 e5 12. a3 Qa5 13. Bd2 Be6 14. f4 exd4 15. Qxd4 O-O-O 16. b4 Qb6 17. Qxb6 Nxb6 18. Nf3 g6 19. Ne5 c5 20. b5 c4 {1-0 Al Modiahki,M (2530)-Stefanova,A (2452) Dubai op 1999 (7)}) 6... Nf6 7. f3 $146 ({RR} 7. Qd2 e6 8. Nge2 Nbd7 9. a3 Nb6 10. Bd3 Bxd3 11. Qxd3 Nbd5 12. Be5 Nxc3 13. Qxc3 Qxc3+ 14. Nxc3 Nd5 15. Ne4 f6 16. Bg3 O-O-O 17. Nd2 Bd6 18. O-O-O {½-½ Kripp,W (2155)-Schwertel,J (1923) GER-chT Seniors 07th 1998 (1)}) ({RR} 7. Nge2 e6 8. Qd2 Be7 9. h3 h6 10. O-O O-O 11. Nd5 Qxd2 12. Nxe7+ Kh8 13. Bxd2 Bxc2 14. Rac1 Bh7 15. Bb4 Re8 16. Rfe1 Nbd7 17. Bb3 a5 18. Ba3 b5 19. Nxc6 b4 20. Nxb4 axb4 21. Bxb4 Nb6 {1-0 Soares,R (1540)-Lisboa,M (1081) 10th Floripa Open 2024 (2.184)}) ({RR} 7. Nf3 e6 8. a3 Nbd7 9. Ne5 Nxe5 10. dxe5 Ne4 11. O-O Nxc3 12. bxc3 Qxc3 13. Bb3 Rd8 14. Qe2 Be7 15. Kh1 Qd4 16. Bg3 Bg5 17. Rfe1 O-O 18. h3 Qc3 19. Rad1 a5 20. a4 Rd2 21. Qh5 Rxd1 {0-1 Kurzweil,N (980)-Schumacher,S (1156) GER-ch U10 Oberhof 2013 (8)}) ({RR} 7. Qd2 e6 8. Nf3 Nbd7 9. O-O-O Bb4 10. Rhe1 Ne4 11. Qe3 Bxc3 12. bxc3 Qxc3 13. Qxc3 Nxc3 14. Rd2 Ne4 15. Rde2 Nef6 16. h3 O-O-O 17. g4 Bg6 18. Re3 Nb6 19. Bf1 Nbd5 20. Ra3 Nxf4 21. Rxa7 Kb8 {0-1 Roldan Cortes,D (1215)-Aguirre Laverde,J (1372) COL-ch U10 Fusagasuga 2019 (3)}) 7... e6 8. Nge2 Be7 9. Qd2 Nbd7 10. O-O-O O-O-O 11. g4 Bg6 12. Qe3 Rhe8 13. a3 Nd5 14. Nxd5 exd5 15. Ba2 Bxa3 16. Qxa3 Qxa3 17. bxa3 Rxe2 18. Bb3 Rde8 19. Rhf1 Nb6 20. Bg3 Nc4 21. Rfe1 Nxa3 22. Rxe2 Rxe2 23. Rd2 Rxd2 24. Kxd2 b5 25. f4 Be4 26. Kc1 a5 27. c3 Kb7 28. f5 Nb1 29. Be1 Na3 30. Kb2 Nc4+ 31. Bxc4 dxc4 32. Bg3 b4 33. cxb4 axb4 34. Bd6 b3 35. Be5 g6 36. f6 Kb6 37. Bd6 Kb5 38. g5 Bd5 39. h4 Kb6 40. Kc3 Kb7 41. Ba3 Kc7 42. Bc1 Kd6 43. Bd2 Ke6 44. Be1 Kf5 45. Kb2 Ke4 1/2-1/2

[Event "Olympiad Women 2024"]
[Site "Budapest HUN"]
[Date "2024.09.16"]
[Round "6.70"]
[Board "3"]
[White "Sharaf, Hawra"]
[Black "Sisior, Dilyolt Kyarii Parrado"]
[Result "0-1"]
[WhiteElo "1595"]
[BlackElo "1488"]
[PlyCount "78"]
[EventDate "2024.09.11"]
[WhiteTeam "Bahrain"]
[BlackTeam "Palau"]
[WhiteTeamCountry "BHN"]
[BlackTeamCountry "PAL"]

1. e4 e5 2. Nc3 b6 ({RR} 2... Ne7 3. Nf3 d6 4. d4 exd4 5. Nxd4 Nbc6 6. Be3 Nxd4 7. Bxd4 Nc6 8. Be3 Be7 9. Nd5 O-O 10. Be2 Re8 11. O-O Bf8 12. f3 Ne5 13. Qd2 c6 14. Nc3 Qc7 15. Rad1 b6 16. Kh1 Bb7 17. Rfe1 {½-½ Popchev,M (2452)-Drazic,S (2471) Srajber Memorial 07th 2001 (6)}) 3. d3 $146 ({RR} 3. Bc4 Bc5 4. Qf3 Nh6 5. d3 g5 6. Qh5 Qf6 7. f3 Bb7 8. Bxg5 Qg7 9. Qxh6 Qxh6 10. Bxh6 Nc6 11. O-O-O O-O-O 12. Bxf7 Bf8 13. Bg5 Be7 14. Bh6 Bf8 15. Bd2 Bb4 16. a3 Bc5 17. b4 Rhf8 {1-0 Megaloudis,P-Fatsis,S Ambelokipi op 33rd 2001 (2)}) ({RR} 3. Bc4 Bb7 4. d3 Bc5 5. Qh5 Qf6 6. Nf3 d6 7. Bg5 Qg6 8. Qh3 h6 9. Nb5 Na6 10. c3 Bc8 11. Qh4 f6 12. Bd2 Qxg2 13. Ke2 Qg4 14. Qxg4 Bxg4 15. b4 Bxf3+ 16. Kxf3 Bxf2 17. Kxf2 Ke7 {1-0 Zmelty,D (1376)-Mattivi,J (1142) Valasska Bystrice op 13th 2022 (4)}) ({RR} 3. b3 Bb7 4. Bb2 c6 5. Nf3 Be7 6. Bc4 Nf6 7. d3 O-O 8. O-O a6 9. a4 d6 10. d4 Qc7 11. dxe5 dxe5 12. Re1 h6 13. Bd3 Rd8 14. Ne2 Nbd7 15. c4 Bd6 16. Qc2 Nc5 17. Red1 Nxd3 {0-1 Schoeller,W-Schwarze,M St Petersburg op 1992}) ({RR} 3. Bc4 Nf6 4. d3 Nc6 5. f4 d6 6. Bb5 Bd7 7. Nf3 Qe7 8. O-O a6 9. Bc4 Na5 10. Bd5 c6 11. Bb3 h6 12. Be3 c5 13. Bd5 Rc8 14. Qe1 g6 15. fxe5 dxe5 16. Qg3 Ng4 17. Bd2 Bg7 {½-½ Seeck,K (2120)-Jacobsen,U (1915) Husum Cup final 2 2004}) 3... Bb7 4. Nge2 Nf6 5. g3 Nc6 6. Bg2 Bc5 7. O-O Nd4 8. Be3 d5 9. Bxd4 exd4 10. e5 dxc3 11. exf6 cxb2 12. Rb1 Qxf6 13. d4 Bd6 14. Rxb2 O-O 15. c3 Rab8 16. Nc1 Rfe8 17. Nb3 c6 18. Re2 c5 19. Rxe8+ Rxe8 20. Qg4 g6 21. Qd7 Re7 22. Qg4 Ba6 23. Rc1 Re2 24. Bf3 h5 25. Bxe2 hxg4 26. Bxa6 cxd4 27. cxd4 Kg7 28. Rc6 Qe7 29. Bc8 f5 30. Ba6 Qe1+ 31. Kg2 Bb4 32. Rc7+ Kh6 33. Nc1 Bd6 34. Rc6 f4 35. gxf4 Qe4+ 36. Kf1 Qh1+ 37. Ke2 Bxf4 38. Nd3 Qe4+ 39. Kf1 Qxd4 0-1

[Event "Olympiad Women 2024"]
[Site "Budapest HUN"]
[Date "2024.09.16"]
[Round "6.70"]
[Board "4"]
[White "Parrado, Angelica"]
[Black "Yaqoob, Wafa"]
[Result "0-1"]
[WhiteElo "1741"]
[BlackElo "1438"]
[PlyCount "98"]
[EventDate "2024.09.11"]
[WhiteTeam "Palau"]
[BlackTeam "Bahrain"]
[WhiteTeamCountry "PAL"]
[BlackTeamCountry "BHN"]

1. Nf3 Nf6 2. d3 d5 3. g3 c5 ({RR} 3... c6 4. b3 Bf5 5. Bb2 e6 6. Nbd2 h6 7. Bg2 Be7 8. e4 Bh7 9. O-O O-O 10. Qe2 a5 11. Ne5 a4 12. exd5 cxd5 13. Ndf3 Nc6 14. Bh3 Nxe5 15. Nxe5 Ra6 16. f4 Nd7 17. Nf3 Bf6 18. Bd4 {0-1 Dolezal,C (2411)-Arizmendi Martinez,J (2528) Mislata 44th 2010 (7)}) 4. Bg2 ({RR} 4. Nbd2 e6 5. c4 d4 6. Bg2 Nc6 7. O-O Bd6 8. a3 a5 9. Ng5 h6 10. Nge4 Be7 11. Nxf6+ Bxf6 12. Rb1 O-O 13. Qc2 e5 14. e4 dxe3 15. fxe3 Bg4 16. Ne4 Be7 17. Nc3 Be6 18. Bd2 f5 {0-1 Gutierrez Olivares,D (2354)-Zaichenko,D (2104) Titled Tue 16th Jan Early 2024 (4)}) 4... Nc6 5. b3 Bf5 6. Bb2 $146 ({RR} 6. O-O e6 7. Nbd2 Be7 8. Bb2 h6 9. e4 Bh7 10. e5 Nd7 11. d4 O-O 12. c3 cxd4 13. cxd4 Nb4 14. Ne1 Rc8 15. a3 Nc2 16. Rc1 Nxa3 17. Bxa3 Bxa3 18. Ra1 Bb2 19. Rxa7 Qb6 20. Ra4 Bxd4 {0-1 Syeda Fahmida,M (1562)-Sultana,S (1943) BAN-ch (Women) 37th 2017 (2)}) ({RR} 6. O-O e6 7. Re1 Be7 8. Nbd2 O-O 9. h3 Bg6 10. Bb2 Qc7 11. e4 dxe4 12. Nxe4 Nxe4 13. dxe4 Rfd8 14. Qe2 Nd4 15. Nxd4 cxd4 16. f4 Bc5 17. Kh2 Rac8 18. Rac1 Bb4 19. Rf1 f6 20. f5 Bf7 {0-1 Borodavkin,A-Poluektov,Y (2257) Kharkov Caissa op 2000 (3)}) 6... e6 7. Nbd2 Be7 8. c3 h6 9. O-O O-O 10. Re1 Re8 11. Nh4 Bh7 12. a3 Qb6 13. Qc2 Rac8 14. Rab1 Qc7 15. Nhf3 b5 16. e4 c4 17. Nd4 Nxd4 18. cxd4 c3 19. Ba1 cxd2 20. Qxd2 Bxa3 21. e5 Nd7 22. Bb2 Bxb2 23. Rxb2 Qc3 24. Qxc3 Rc7 25. Qc4 Rxc4 26. Bf1 Rc3 27. Kg2 Rec8 28. Reb1 Bxd3 29. Ra1 Bxf1+ 30. Rxf1 Rd3 31. Ra1 Rc7 32. Ra6 Rxd4 33. f4 Nc5 34. Rd6 Rd3 35. b4 Na4 36. Rf2 Rb3 37. Kh3 Rxb4 38. f5 Re7 39. f6 gxf6 40. exf6 Rc7 41. Rd8+ Kh7 42. Re8 Nc5 43. Re7 Rd7 44. Ra2 d4 45. Rxa7 Rxa7 46. Rxa7 Kg6 47. g4 d3 48. Rc7 d2 49. Rxc5 d1=Q 0-1

[Event "Olympiad Women 2024"]
[Site "Budapest HUN"]
[Date "2024.09.16"]
[Round "6.72"]
[Board "1"]
[White "Nihaya, Ahmed"]
[Black "Kovacova, Zuzana"]
[Result "1/2-1/2"]
[WhiteElo "1589"]
[BlackElo "2020"]
[PlyCount "114"]
[EventDate "2024.09.11"]
[WhiteTeam "Maldives"]
[BlackTeam "Bermuda"]
[WhiteTeamCountry "MDV"]
[BlackTeamCountry "BER"]

1. e4 e5 2. Nf3 Nc6 3. Nc3 d6 4. Bb5 Bd7 5. d4 exd4 6. Nxd4 g6 7. Be3 ({RR} 7. h4 Bg7 8. Bg5 Nf6 9. Bxc6 bxc6 10. Qd2 h6 11. Bf4 Ng4 12. f3 Ne5 13. b3 c5 14. Nde2 a5 15. Rd1 a4 16. Kf2 axb3 17. axb3 Be6 18. g4 Rb8 19. Nd5 Bxd5 20. Qxd5 h5 21. g5 Nd7 {½-½ Shirov,A (2709)-Ehlvest,J (2613) Vladimir Petrov Memorial op rapid 2013 (8)}) 7... Bg7 8. Qd3 $146 ({RR} 8. Bc4 Nf6 9. f3 a6 10. Qd2 Qe7 11. O-O-O O-O-O 12. Bg5 h6 13. Nd5 Qe5 14. Nxc6 Bxc6 15. Bf4 Qe8 16. Nxc7 Kxc7 17. Bxd6+ Kc8 18. Qa5 Rd7 19. Bxa6 Qd8 20. Qc5 Rc7 21. Bxc7 Qxc7 22. Bc4 Nd7 {½-½ Schwetlick,T (1896)-Oswald,E (2100) Mecklenburg VP-ch MT 1997 (8.12)}) ({RR} 8. Qd2 a6 9. Be2 Nxd4 10. Bxd4 Bxd4 11. Qxd4 Qf6 12. Qc4 Bc6 13. O-O-O Ne7 14. Kb1 O-O-O 15. f4 Qe6 16. Qd4 Kb8 17. g3 d5 18. Rhe1 dxe4 19. Qxd8+ Rxd8 20. Rxd8+ Ka7 21. Rd4 Qh3 22. Bc4 Qxh2 {0-1 Weetik,V (2423)-Haitin,I (2281) Titled Tue 31st Oct Early 2023 (2)}) ({RR} 8. Qd2 Nge7 9. Be2 a6 10. g4 Qc8 11. h3 h5 12. gxh5 gxh5 13. h4 Ng6 14. O-O-O Be6 15. Rdg1 Qd7 16. Nxe6 Qxe6 17. f4 Nb4 18. f5 Nxa2+ 19. Nxa2 Qxa2 20. c3 Qa1+ 21. Kc2 Qa4+ 22. b3 Qa2+ {1-0 Lasker,E-Simonson Lasker Emanuel sim 1892}) ({RR} 8. Be2 Nf6 9. Qd2 h6 10. f3 a6 11. Rb1 Qe7 12. b4 Nxd4 13. Bxd4 O-O 14. O-O Rfe8 15. Rbd1 Bc6 16. Bc4 Nh7 17. Be3 Qe5 18. Nd5 Bxd5 19. Bxd5 c6 20. Bb3 Qh5 21. g4 Qh3 22. Qxd6 Be5 {1-0 Lasker,E-Babson/Henderson/Fleming Montreal consultation 1892}) 8... Nf6 9. f3 O-O 10. Nxc6 bxc6 11. Bc4 Re8 12. O-O-O Qe7 13. Bb3 a5 14. g4 c5 15. Bg5 Bc6 16. Bd5 Qd7 17. Bxf6 Bxf6 18. h4 Rab8 19. b3 Bg7 20. g5 Rb4 21. Bxc6 Qxc6 22. Nd5 Rd4 23. Qf1 a4 24. Rxd4 cxd4 25. Qc4 Qxc4 26. bxc4 c6 27. Nb4 Rc8 28. Kd2 Kf8 29. h5 Ke7 30. hxg6 hxg6 31. f4 Ke6 32. Rh7 Bf8 33. Rh8 d5 34. Kd3 dxe4+ 35. Kxe4 Kd7 36. Nd3 Ke6 37. Nc5+ Ke7 38. f5 gxf5+ 39. Kxf5 Rb8 40. Nd3 Rb1 41. Rh7 Rf1+ 42. Ke4 Ke8 43. Kxd4 Rg1 44. Ne5 Rxg5 45. Nxc6 Bg7+ 46. Ke4 Bb2 47. Nb4 Rc5 48. Kd3 Rf5 49. Rh3 Kd7 50. Nd5 Kd6 51. Rh6+ f6 52. c3 Ke5 53. Rh1 Rf3+ 54. Kc2 Rf2+ 55. Kd3 Rf3+ 56. Kc2 Rf2+ 57. Kd3 Rf3+ 1/2-1/2

[Event "Olympiad Women 2024"]
[Site "Budapest HUN"]
[Date "2024.09.16"]
[Round "6.72"]
[Board "3"]
[White "Aishath Iva Hassan"]
[Black "Gontcharova, Olga"]
[Result "1-0"]
[WhiteElo "1422"]
[BlackElo "1567"]
[PlyCount "53"]
[EventDate "2024.09.11"]
[WhiteTeam "Maldives"]
[BlackTeam "Bermuda"]
[WhiteTeamCountry "MDV"]
[BlackTeamCountry "BER"]

1. d4 d6 2. e4 Nf6 3. Nc3 e5 4. dxe5 dxe5 5. Qxd8+ Kxd8 6. Bg5 Be7 7. Nf3 ({RR} 7. O-O-O+ Nbd7 8. Bh4 Ne8 9. Bg3 Bd6 10. Nd5 c6 11. Ne3 f6 12. Nf5 Bc7 13. Ne2 g6 14. Ne3 Ke7 15. Nc3 Nb6 16. Bd3 Be6 17. h4 Ng7 18. Bh2 Nh5 19. g3 Bd6 20. Rde1 {½-½ Miladinovic,I (2571)-Damljanovic,B (2579) MNT-chT Herceg Novi 2008 (1)}) 7... Nbd7 8. O-O-O Bd6 ({RR} 8... Ne8 9. Bxe7+ Kxe7 10. Nd5+ Kd8 11. Ng5 Nd6 12. Ne3 h6 13. Rxd6 hxg5 14. Rd2 c6 15. Bc4 f6 16. Nf5 g6 17. Nd6 Ke7 18. Rhd1 Nb6 19. h3 Nxc4 20. Nxc4 Be6 21. Na5 Rab8 22. f3 Rhc8 23. Rd6 {0-1 Grybkauskas,P (1554)-Gimenez Menchon,C (2171) Vilnius Elite Open 2023 (1.10)}) 9. Bxf6+ $146 ({RR} 9. Bc4 Ke8 10. Rhe1 h6 11. Bh4 a6 12. Bg3 b5 13. Bd5 Nxd5 14. Rxd5 Bb7 15. Rdd1 f6 16. Nh4 Bb4 17. f3 Bxc3 18. bxc3 Rd8 19. Bf2 Kf7 20. Nf5 g6 21. Ng3 Nb6 22. Bxb6 cxb6 23. Rd3 Rxd3 {½-½ Ismayilov,M (1586)-Poliakov,A EU-ch U10 Prague 2012 (4)}) ({RR} 9. Bc4 Rf8 10. Bxf6+ gxf6 11. Nd5 Be7 12. Nh4 c6 13. Nxe7 Kxe7 14. Nf5+ Ke8 15. Nd6+ Ke7 16. Nf5+ Ke8 17. Rd2 Nb6 18. Bb3 Bxf5 19. exf5 Ke7 20. Rhd1 Rab8 21. h3 h6 22. a3 Rbc8 23. f4 Rb8 {1-0 Nowakowski,A (1631)-Mroziak,M POL-chT U19 1st League 2011 (9.16)}) ({RR} 9. Bb5 Ke8 10. Bxf6 gxf6 11. Rhe1 Rg8 12. Nh4 a6 13. Be2 Bc5 14. f3 Bf2 15. g3 Bxe1 16. Rxe1 Nb6 17. Nf5 Bxf5 18. exf5 Rd8 19. Bd3 Ke7 20. Rg1 Nd5 21. Nxd5+ Rxd5 22. Be4 Rb5 23. a4 Rb4 {0-1 Hoffmann,F (1323)-Schinske,E (1609) Rheinhausen op 2005 (2)}) 9... gxf6 10. Nb5 Be7 11. g3 a6 12. Nc3 c6 13. Nh4 b5 14. Bh3 Ke8 15. Nf5 Bf8 16. Nd6+ Bxd6 17. Rxd6 Ke7 18. Rxc6 Bb7 19. Rc7 Rab8 20. Rxd7+ Ke8 21. Rhd1 Bc6 22. Rc7 Ba8 23. Rdd7 Bc6 24. Rxc6 Rd8 25. Rxd8+ Kxd8 26. Rc8+ Ke7 27. Rxh8 1-0